| Tag |
First Indicator |
Second Indicator |
Subfields |
| LEADER |
00000cam a2200000 i 4500 |
| 001 |
in00003453913 |
| 005 |
20211120171915.0 |
| 006 |
m o d f |
| 007 |
cr bn| |
| 008 |
140331s2009 ncua ob f000 0 eng c |
| 035 |
|
|
|a (OCoLC)ocn875181153
|
| 040 |
|
|
|a GPO
|b eng
|e rda
|e pn
|c GPO
|d GPO
|d MvI
|d UtOrBLW
|
| 042 |
|
|
|a pcc
|
| 043 |
|
|
|a n-us---
|
| 049 |
|
|
|a WWW
|
| 074 |
|
|
|a 0483-E-22 (online)
|
| 086 |
0 |
|
|a EP 4.52:H 35
|
| 088 |
|
|
|a EPA-452/R-09-005
|
| 245 |
0 |
0 |
|a Economic impact and small business analysis for petroleum refinery NESHAP :
|b heat exchange systems.
|
| 264 |
|
1 |
|a Research Triangle Park, NC :
|b U.S. Environmental Protection Agency, Office of Air Quality Planning and Standards, Health and Environmental Impacts Division, Air Benefits and Costs Group,
|c 2009.
|
| 300 |
|
|
|a 1 online resource (63 pages) :
|b illustrations
|
| 336 |
|
|
|a text
|b txt
|2 rdacontent
|
| 337 |
|
|
|a computer
|b c
|2 rdamedia
|
| 338 |
|
|
|a online resource
|b cr
|2 rdacarrier
|
| 500 |
|
|
|a "October 2009."
|
| 500 |
|
|
|a "EPA-452/R-09-005."
|
| 500 |
|
|
|a Title from title screen (viewed on Mar. 28, 2014).
|
| 504 |
|
|
|a Includes bibliographical references (pages 42-46).
|
| 650 |
|
0 |
|a Heat exchangers
|x Standards
|z United States.
|
| 650 |
|
0 |
|a Petroleum refineries
|x Environmental aspects.
|
| 650 |
|
0 |
|a Environmental impact analysis.
|
| 650 |
|
0 |
|a Air
|x Pollution
|x Standards.
|
| 710 |
1 |
|
|a United States.
|b Environmental Protection Agency.
|b Air Benefit-Cost Group,
|e issuing body.
|
| 776 |
0 |
8 |
|i Print version:
|t Economic impact and small business analysis for petroleum refinery NESHAP -- heat exchange systems
|w (OCoLC)502141564
|
| 856 |
4 |
0 |
|u https://purl.fdlp.gov/GPO/gpo47209
|t 0
|
| 999 |
|
|
|a MARS
|
| 999 |
f |
f |
|s 777f7cf9-adec-3fae-af35-4a6b3ea752c3
|i 453c8eba-374f-360d-b95f-6fe469807b2b
|t 0
|
| 952 |
f |
f |
|a Texas A&M University
|b College Station
|c Electronic Resources
|d Available Online
|t 0
|e EP 4.52:H 35
|h Superintendent of Documents classification
|
| 998 |
f |
f |
|a EP 4.52:H 35
|t 0
|l Available Online
|